[Event "TCh-FRA Top 12 2019"]
[Site "Brest FRA"]
[Date "2019.05.22"]
[Round "5.2"]
[Board "4"]
[White "Wagner, Dennis"]
[Black "Giroyan, Gary"]
[Result "1/2-1/2"]
[WhiteTitle "GM"]
[BlackTitle "IM"]
[WhiteElo "2578"]
[BlackElo "2409"]
[WhiteTeam "Nice Alekhine"]
[BlackTeam "Cannes Echecs"]
[WhiteFideId "24650684"]
[BlackFideId "680281"]
[EventDate "2019.05.18"]

1. d4 Nf6 2. c4 e6 3. g3 c5 4. Nf3 cxd4 5. Nxd4 Bb4+ 6. Bd2 Bc5 7. Nb3 Be7 8.
Bg2 d6 9. Nc3 O-O 10. O-O Nbd7 11. Bf4 e5 12. Be3 a6 13. h3 Rb8 14. a4 Nb6 15.
Qd3 Be6 16. Nd2 Qc7 17. Rfc1 Rfc8 18. b3 Nbd7 19. a5 Nc5 20. Qc2 Qd7 21. b4 Bf5
22. Qd1 Ne6 23. Na4 Bd8 24. Nf3 h6 25. Ra2 Nf8 26. g4 Be6 27. Rd2 Qe8 28. Rxd6
Bxc4 29. Nc5 Bb5 30. Nd2 b6 31. axb6 Rxb6 32. Nde4 Nxe4 33. Nxe4 Rxc1 34. Qxc1
Rb8 35. Rd2 Be7 36. Bc5 Ne6 37. e3 Rc8 38. Nd6 Bxd6 39. Rxd6 a5 40. Qa3 axb4 41.
Bxb4 Bc6 42. Qa5 Bxg2 43. Kxg2 Ng5 1/2-1/2

[Event "TCh-FRA Top 12 2019"]
[Site "Brest FRA"]
[Date "2019.05.22"]
[Round "5.2"]
[Board "5"]
[White "Genzling, Alain"]
[Black "Bauer, Christian"]
[Result "0-1"]
[WhiteTitle "IM"]
[BlackTitle "GM"]
[WhiteElo "2376"]
[BlackElo "2643"]
[WhiteTeam "Cannes Echecs"]
[BlackTeam "Nice Alekhine"]
[WhiteFideId "632708"]
[BlackFideId "603767"]
[EventDate "2019.05.18"]

1. d4 Nf6 2. Nf3 d6 3. Nc3 g6 4. e4 Bg7 5. Be2 O-O 6. O-O a6 7. a4 Nc6 8. h3 e5
9. d5 Ne7 10. Nh2 Nd7 11. a5 b5 12. f3 f5 13. Be3 Nf6 14. Bd3 c5 15. dxc6 Nxc6
16. Bb6 Qe7 17. f4 Nb4 18. Be2 Be6 19. Nf3 Nxe4 20. Nxe4 fxe4 21. Ng5 Bd5 22. c3
exf4 23. Nxe4 Qxe4 24. Bf3 Qc4 25. cxb4 Bxf3 26. Rxf3 Bxb2 27. Rb1 Be5 28. Qd3 0-1

[Event "TCh-FRA Top 12 2019"]
[Site "Brest FRA"]
[Date "2019.05.22"]
[Round "5.2"]
[Board "7"]
[White "Delabaca, Romuald"]
[Black "Flear, Glenn C"]
[Result "1/2-1/2"]
[WhiteTitle "FM"]
[BlackTitle "GM"]
[WhiteElo "2360"]
[BlackElo "2445"]
[WhiteTeam "Cannes Echecs"]
[BlackTeam "Nice Alekhine"]
[WhiteFideId "614661"]
[BlackFideId "400165"]
[EventDate "2019.05.18"]

1. e4 e5 2. Nf3 Nc6 3. Bb5 a6 4. Ba4 Nf6 5. O-O Be7 6. d3 b5 7. Bb3 d6 8. a3 Na5
9. Ba2 c5 10. Nc3 Be6 11. b4 Nb7 12. Bg5 O-O 13. Bxf6 Bxf6 14. Nd5 g6 15. Qd2 1/2-1/2

[Event "TCh-FRA Top 12 2019"]
[Site "Brest FRA"]
[Date "2019.05.22"]
[Round "5.2"]
[Board "8"]
[White "De Seroux, Camille"]
[Black "Verot, Melanie"]
[Result "1-0"]
[WhiteTitle "WFM"]
[WhiteElo "2143"]
[BlackElo "2069"]
[WhiteTeam "Nice Alekhine"]
[BlackTeam "Cannes Echecs"]
[WhiteFideId "1305620"]
[BlackFideId "631043"]
[EventDate "2019.05.18"]

1. e4 c5 2. Nc3 Nc6 3. Bb5 Nd4 4. Bc4 e6 5. Nf3 Nf6 6. O-O a6 7. d3 b5 8. Bb3
Nxb3 9. axb3 Bb7 10. e5 b4 11. Nb1 Nd5 12. Nbd2 d6 13. Nc4 dxe5 14. Nfxe5 Bd6
15. Qg4 Bxe5 16. Nxe5 Qf6 17. Re1 h5 18. Qg3 h4 19. Qg4 Ne7 20. h3 Qf5 21. Ra5
Qxg4 22. Nxg4 Rc8 23. Ne5 Nd5 24. Nc4 Ke7 25. Re4 f6 26. Re2 g5 27. f3 Rhg8 28.
Bd2 f5 29. Ne5 Nf4 30. Rf2 Nd5 31. Be1 Rc7 32. Re2 Nf4 33. Rd2 Kf6 34. Rxc5 Rh7
35. d4 g4 36. fxg4 Ng6 37. Rf2 Rd8 38. Nxg6 Kxg6 39. gxf5+ exf5 40. Rcxf5 Bd5
41. Bxb4 Be4 42. Rf6+ Kh5 43. Re2 Rxd4 44. Bc3 Rd1+ 45. Kf2 Bg6 46. Bd2 1-0

[Event "TCh-FRA Top 12 2019"]
[Site "Brest FRA"]
[Date "2019.05.22"]
[Round "5.3"]
[Board "2"]
[White "Istratescu, Andrei"]
[Black "Van Foreest, Jorden"]
[Result "1/2-1/2"]
[WhiteTitle "GM"]
[BlackTitle "GM"]
[WhiteElo "2555"]
[BlackElo "2601"]
[WhiteTeam "Mulhouse Philidor"]
[BlackTeam "Clichy-Echecs-92"]
[WhiteFideId "1200372"]
[BlackFideId "1039784"]
[EventDate "2019.05.18"]

1. e4 c5 2. Nf3 d6 3. Bb5+ Bd7 4. c4 Nf6 5. Nc3 g6 6. Bxd7+ Nbxd7 7. O-O Rc8 8.
b3 Ne5 9. Nxe5 dxe5 10. d3 e6 11. a3 Rc6 12. Qe2 Be7 13. Bh6 Nh5 14. g3 Bg5 15.
Bxg5 Qxg5 16. Qe3 Qe7 17. b4 b6 18. bxc5 bxc5 19. Rab1 O-O 20. Rb3 Rd8 21. Rfb1
Qd6 22. Nb5 Qe7 23. Nc3 Qd6 1/2-1/2

[Event "TCh-FRA Top 12 2019"]
[Site "Brest FRA"]
[Date "2019.05.22"]
[Round "5.3"]
[Board "3"]
[White "Tregubov, Pavel V."]
[Black "Gledura, Benjamin"]
[Result "0-1"]
[WhiteTitle "GM"]
[BlackTitle "GM"]
[WhiteElo "2586"]
[BlackElo "2645"]
[WhiteTeam "Clichy-Echecs-92"]
[BlackTeam "Mulhouse Philidor"]
[WhiteFideId "4115341"]
[BlackFideId "712779"]
[EventDate "2019.05.18"]

1. d4 d5 2. c4 c6 3. cxd5 cxd5 4. Bf4 Nc6 5. e3 Nf6 6. Nc3 Bf5 7. Qb3 Na5 8.
Qa4+ Bd7 9. Qc2 e6 10. Bd3 Nc6 11. Qe2 Be7 12. h3 O-O 13. Nf3 Rc8 14. O-O Nh5
15. Bh2 f5 16. Ne5 Nf6 17. f3 Nxe5 18. Bxe5 Bc6 19. Rac1 a6 20. Qd2 Bd6 21. Ne2
Qc7 22. Bxd6 Qxd6 23. Rc3 Rc7 24. Rfc1 Rfc8 25. Qc2 g6 26. Nf4 Ne8 27. Bf1 Bd7
28. Qd2 Rxc3 29. Rxc3 Rxc3 30. Qxc3 Qc7 31. Qc5 Qxc5 32. dxc5 Kf7 33. Nd3 Ke7
34. Ne5 Nf6 35. Kf2 Be8 36. b4 Nd7 37. f4 Nxe5 38. fxe5 Bb5 39. Be2 Bxe2 40.
Kxe2 Kd7 41. Kd3 Kc6 42. Kc3 a5 43. a3 Kb5 44. Kb3 axb4 45. axb4 h5 46. h4 f4
47. exf4 d4 48. g3 d3 49. Kc3 d2 50. Kxd2 Kxb4 51. c6 bxc6 52. Ke3 Kc4 53. Ke4
c5 54. g4 hxg4 55. h5 gxh5 56. f5 exf5+ 57. Kxf5 g3 58. e6 g2 59. e7 g1=Q 60.
e8=Q Qg4+ 61. Kf6 Kd3 0-1

[Event "TCh-FRA Top 12 2019"]
[Site "Brest FRA"]
[Date "2019.05.22"]
[Round "5.3"]
[Board "4"]
[White "Heimann, Andreas"]
[Black "Hamdouchi, Hicham"]
[Result "1/2-1/2"]
[WhiteTitle "GM"]
[BlackTitle "GM"]
[WhiteElo "2627"]
[BlackElo "2584"]
[WhiteTeam "Mulhouse Philidor"]
[BlackTeam "Clichy-Echecs-92"]
[WhiteFideId "24624632"]
[BlackFideId "9000011"]
[EventDate "2019.05.18"]

1. d4 Nf6 2. c4 g6 3. Nc3 d5 4. Nf3 Bg7 5. Qb3 dxc4 6. Qxc4 O-O 7. e4 a6 8. Be2
b5 9. Qb3 c5 10. dxc5 Be6 11. Qc2 Nbd7 12. Be3 Rc8 13. Rd1 Qa5 14. c6 Nb8 15.
Nd4 Bc4 16. e5 Nd5 17. Bd2 Nb4 18. Qe4 Qb6 19. Be3 Qc7 20. f4 N8xc6 21. a3 Nxd4
22. Rxd4 Nc6 23. Rd2 Na5 24. Nd5 1/2-1/2

[Event "TCh-FRA Top 12 2019"]
[Site "Brest FRA"]
[Date "2019.05.22"]
[Round "5.3"]
[Board "5"]
[White "Van Wely, Loek"]
[Black "Smith, Axel"]
[Result "1-0"]
[WhiteTitle "GM"]
[BlackTitle "GM"]
[WhiteElo "2600"]
[BlackElo "2481"]
[WhiteTeam "Clichy-Echecs-92"]
[BlackTeam "Mulhouse Philidor"]
[WhiteFideId "1000268"]
[BlackFideId "1707930"]
[EventDate "2019.05.18"]

1. d4 d5 2. c4 c6 3. Nf3 Nf6 4. Nc3 dxc4 5. a4 e6 6. e4 Bb4 7. e5 Nd5 8. Bd2 b5
9. axb5 Bxc3 10. bxc3 cxb5 11. Ng5 Nc6 12. Qh5 Qe7 13. h4 Bb7 14. Rh3 g6 15. Qh6
b4 16. Ne4 bxc3 17. Nd6+ Kd7 18. Bxc3 Rhb8 19. Bxc4 Ncb4 20. Rc1 Bc6 21. Bd2 a5
22. Rf3 f6 23. h5 a4 24. Ne4 Rf8 25. exf6 Nxf6 26. Nxf6+ Kc7 27. Qf4+ Kd8 28.
hxg6 hxg6 29. Kf1 Bxf3 30. Qxf3 Nd5 31. Nxd5 Rxf3 32. Nxe7 Rf7 33. Nxg6 Rc7 34.
Bxe6 Rxc1+ 35. Bxc1 a3 36. Bxa3 Rxa3 37. f4 Rg3 38. f5 Rg4 39. d5 Ke8 40. Kf2
Rg5 41. Kf3 1-0

[Event "TCh-FRA Top 12 2019"]
[Site "Brest FRA"]
[Date "2019.05.22"]
[Round "5.3"]
[Board "6"]
[White "Riff, Jean-Noel"]
[Black "Relange, Eloi"]
[Result "1/2-1/2"]
[WhiteTitle "GM"]
[BlackTitle "GM"]
[WhiteElo "2494"]
[BlackElo "2456"]
[WhiteTeam "Mulhouse Philidor"]
[BlackTeam "Clichy-Echecs-92"]
[WhiteFideId "611190"]
[BlackFideId "600822"]
[EventDate "2019.05.18"]

1. e4 d6 2. d4 Nf6 3. Nc3 e5 4. Nf3 Nbd7 5. Rg1 g6 6. g4 Bg7 7. g5 Nh5 8. Be3
O-O 9. Qd2 c6 10. O-O-O Qa5 11. Kb1 b5 12. dxe5 b4 13. Ne2 Nxe5 14. Nxe5 dxe5
15. Nc1 Be6 16. Be2 Rfd8 17. Qe1 Nf4 18. Bg4 Bc4 19. h4 Bf8 20. Rh1 Qc7 21. Qg1
a5 22. h5 Rxd1 23. Bxd1 a4 24. Qh2 c5 25. Bg4 1/2-1/2

[Event "TCh-FRA Top 12 2019"]
[Site "Brest FRA"]
[Date "2019.05.22"]
[Round "5.3"]
[Board "7"]
[White "Guichard, Pauline"]
[Black "Sokolov, Andrei1"]
[Result "1/2-1/2"]
[WhiteTitle "WGM"]
[BlackTitle "GM"]
[WhiteElo "2430"]
[BlackElo "2496"]
[WhiteTeam "Clichy-Echecs-92"]
[BlackTeam "Mulhouse Philidor"]
[WhiteFideId "639370"]
[BlackFideId "627089"]
[EventDate "2019.05.18"]

1. Nf3 Nf6 2. c4 e6 3. g3 b6 4. Bg2 Bb7 5. O-O c5 6. d4 cxd4 7. Qxd4 d6 8. Nc3
a6 9. Rd1 Nbd7 10. e4 Qc7 11. b3 Be7 12. Ba3 Nc5 13. e5 dxe5 14. Qxe5 Rc8 15.
Qxc7 Rxc7 16. Bc1 Nfe4 17. Bf4 Rc8 18. Nxe4 Bxe4 19. Ne5 f6 20. Nf3 O-O 21. Bd6
Kf7 22. Ne5+ fxe5 23. Bxc5 Bxc5 24. Bxe4 Ke7 25. Rd2 Rcd8 26. Re2 h6 27. Kg2 a5
28. Bf3 Rd3 29. Be4 Rd6 30. h4 Rfd8 31. Bf3 Rd2 32. Rae1 Kf6 33. Rxd2 Rxd2 34.
Re2 Rxe2 35. Bxe2 e4 36. Bg4 Ke5 37. Kf1 Bd4 38. Ke2 Bc5 39. Bh3 Bd4 1/2-1/2

[Event "TCh-FRA Top 12 2019"]
[Site "Brest FRA"]
[Date "2019.05.22"]
[Round "5.3"]
[Board "8"]
[White "Haussernot, Cecile"]
[Black "Libiszewski, Fabien"]
[Result "1/2-1/2"]
[WhiteTitle "WIM"]
[BlackTitle "GM"]
[WhiteElo "2097"]
[BlackElo "2511"]
[WhiteTeam "Mulhouse Philidor"]
[BlackTeam "Clichy-Echecs-92"]
[WhiteFideId "601632"]
[BlackFideId "616834"]
[EventDate "2019.05.18"]

1. e4 c5 2. Nf3 Nc6 3. d4 cxd4 4. Nxd4 Nf6 5. Nc3 d6 6. Bg5 e6 7. Qd2 a6 8.
O-O-O Bd7 9. f4 b5 10. Qe1 Nxd4 11. Rxd4 Qb6 12. Qd2 b4 13. Nd1 a5 14. Bxf6 gxf6
15. Ne3 Bc6 16. Ng4 Be7 17. f5 h5 18. Ne3 e5 19. Rc4 Bf8 20. Nd5 Bxd5 21. Qxd5
Bh6+ 22. Kb1 O-O 23. Be2 h4 24. Rd1 Rac8 25. Rxc8 Rxc8 26. Qxd6 Qf2 27. Qa6 Qc5
28. Qd3 Be3 29. g3 hxg3 30. hxg3 a4 31. g4 Kg7 32. Rh1 Bd4 33. Bd1 a3 34. g5
fxg5 35. Qh3 Kf6 36. Qh6+ Ke7 37. Qxg5+ Kd7 38. Rh7 Rf8 39. Qf6 Qe7 40. Qa6 Kc7
41. Qc4+ Kb6 42. bxa3 bxa3 43. Rh3 Qc5 44. Rb3+ Kc7 45. Be2 Qxc4 46. Bxc4 Bc5
47. c3 f6 48. Kc2 Rb8 49. Rxb8 Kxb8 50. Kb3 Kc7 1/2-1/2

[Event "TCh-FRA Top 12 2019"]
[Site "Brest FRA"]
[Date "2019.05.22"]
[Round "5.4"]
[Board "1"]
[White "Fedorchuk, Sergey A."]
[Black "Bacrot, Etienne"]
[Result "1/2-1/2"]
[WhiteTitle "GM"]
[BlackTitle "GM"]
[WhiteElo "2620"]
[BlackElo "2678"]
[WhiteTeam "Club d'Echecs Metz Fischer"]
[BlackTeam "Bischwiller"]
[WhiteFideId "14102536"]
[BlackFideId "605506"]
[EventDate "2019.05.18"]

1. e4 e5 2. Nf3 Nc6 3. Bb5 Nf6 4. O-O Nxe4 5. Re1 Nd6 6. Nxe5 Be7 7. Bf1 Nxe5 8.
Rxe5 O-O 9. d4 Bf6 10. Re1 Re8 11. Rxe8+ Nxe8 12. c3 d5 13. Bd3 g6 14. Bf4 c6
15. Nd2 Ng7 16. Nf3 Bf5 17. Bxf5 Nxf5 18. Qe2 Ng7 19. Re1 Qd7 20. Be5 Re8 21.
Qd2 1/2-1/2

[Event "TCh-FRA Top 12 2019"]
[Site "Brest FRA"]
[Date "2019.05.22"]
[Round "5.4"]
[Board "2"]
[White "Ragger, Markus"]
[Black "Safarli, Eltaj"]
[Result "1/2-1/2"]
[WhiteTitle "GM"]
[BlackTitle "GM"]
[WhiteElo "2682"]
[BlackElo "2624"]
[WhiteTeam "Bischwiller"]
[BlackTeam "Club d'Echecs Metz Fischer"]
[WhiteFideId "1610856"]
[BlackFideId "13402129"]
[EventDate "2019.05.18"]

1. e4 e5 2. Nf3 Nc6 3. Bc4 Nf6 4. d3 Be7 5. O-O O-O 6. Re1 d6 7. a4 a5 8. Nbd2
Be6 9. c3 Bxc4 10. Nxc4 Re8 11. Bd2 Bf8 12. b4 axb4 13. cxb4 d5 14. b5 dxc4 15.
bxc6 bxc6 16. dxc4 Nd7 17. Qc2 Nc5 18. Be3 Qd3 19. Qxd3 Nxd3 20. Reb1 Ra6 1/2-1/2

[Event "TCh-FRA Top 12 2019"]
[Site "Brest FRA"]
[Date "2019.05.22"]
[Round "5.4"]
[Board "3"]
[White "Balogh, Csaba"]
[Black "Fressinet, Laurent"]
[Result "1/2-1/2"]
[WhiteTitle "GM"]
[BlackTitle "GM"]
[WhiteElo "2598"]
[BlackElo "2640"]
[WhiteTeam "Club d'Echecs Metz Fischer"]
[BlackTeam "Bischwiller"]
[WhiteFideId "718939"]
[BlackFideId "608742"]
[EventDate "2019.05.18"]

1. e4 e5 2. Nf3 Nc6 3. Bb5 a6 4. Ba4 Nf6 5. d3 Bc5 6. c3 d6 7. Bg5 Ba7 8. Nbd2
h6 9. Bh4 Bd7 10. Nf1 g5 11. Bg3 Ne7 12. Ne3 Bxe3 13. fxe3 Ng6 14. O-O Qe7 15.
Bxd7+ 1/2-1/2

[Event "TCh-FRA Top 12 2019"]
[Site "Brest FRA"]
[Date "2019.05.22"]
[Round "5.4"]
[Board "4"]
[White "Rodshtein, Maxim"]
[Black "Postny, Evgeny"]
[Result "1/2-1/2"]
[WhiteTitle "GM"]
[BlackTitle "GM"]
[WhiteElo "2699"]
[BlackElo "2603"]
[WhiteTeam "Bischwiller"]
[BlackTeam "Club d'Echecs Metz Fischer"]
[WhiteFideId "2806851"]
[BlackFideId "2804344"]
[EventDate "2019.05.18"]

1. c4 c6 2. Nf3 d5 3. d4 Nf6 4. e3 Bf5 5. Nc3 a6 6. Be2 h6 7. Qb3 Ra7 8. cxd5
cxd5 9. Ne5 e6 10. O-O Be7 11. Bd2 Nfd7 12. Nxd7 Nxd7 13. Rfc1 O-O 14. Nd1 Nb8
15. Bb4 Bxb4 16. Qxb4 Nc6 17. Qa3 Re8 18. Rc5 Qd6 19. Rac1 e5 20. dxe5 Rxe5 21.
Qb3 Ne7 22. Rc7 d4 23. Rxb7 Rxb7 24. Qxb7 d3 25. Bf3 d2 26. Rc4 Be6 27. Qb4 Qxb4
28. Rxb4 Bxa2 29. Rd4 Bd5 30. Bxd5 Rxd5 31. Rxd5 Nxd5 32. Kf1 Kf8 33. Ke2 Ke7
34. Kxd2 Kd6 35. e4 Nb4 36. Ne3 Ke5 37. f3 Kd4 38. b3 g6 39. Nc4 Nd3 40. Nd6 Ne5
41. Nb7 h5 42. h4 Nc6 43. Nd6 Ne5 44. Ne8 Nc6 45. Nc7 Nb4 46. g3 Kc5 47. Ne8 Nc6
48. Kc3 a5 49. Nf6 Ne5 50. f4 Nf3 51. e5 Nd4 52. Ne4+ Kd5 53. Nf6+ Kc5 54. Ne4+
Kd5 55. Nf6+ 1/2-1/2

[Event "TCh-FRA Top 12 2019"]
[Site "Brest FRA"]
[Date "2019.05.22"]
[Round "5.4"]
[Board "6"]
[White "Edouard, Romain"]
[Black "Koch, Jean-Rene"]
[Result "1-0"]
[WhiteTitle "GM"]
[BlackTitle "IM"]
[WhiteElo "2642"]
[BlackElo "2465"]
[WhiteTeam "Bischwiller"]
[BlackTeam "Club d'Echecs Metz Fischer"]
[WhiteFideId "633429"]
[BlackFideId "600148"]
[EventDate "2019.05.18"]

1. d4 d5 2. c4 e6 3. Nc3 Be7 4. Bf4 Nf6 5. e3 O-O 6. a3 b6 7. cxd5 Nxd5 8. Nxd5
exd5 9. Bd3 c5 10. Ne2 Nc6 11. Rc1 Bb7 12. dxc5 bxc5 13. O-O c4 14. Bb1 Bf6 15.
Nc3 Ne7 16. Qc2 g6 17. Rfd1 Qa5 18. Qe2 Rfd8 19. Rd2 Rac8 20. Qg4 h5 21. Qg3 d4
22. exd4 Rxd4 23. Rxd4 Bxd4 24. Rd1 Bf6 25. Bd2 Qe5 26. Qxe5 Bxe5 27. Be3 Bxc3
28. bxc3 Nd5 29. Bd4 Re8 30. f3 a5 31. Be4 f5 32. Bxd5+ Bxd5 33. Rb1 Bc6 34. Rb6
Re6 35. h4 Kf7 36. Kf2 Be8 37. Rb8 a4 38. Kg3 Re7 39. Rc8 Re6 40. Rxc4 Bc6 41.
Kf4 Be8 42. Rb4 Bc6 43. Be5 Be8 44. c4 Bc6 45. c5 Ke7 46. Rb6 Bd5 47. Rb4 Bc6
48. Rb8 Bd5 49. Rc8 Rc6 50. Bd6+ Kf6 51. Rf8+ Bf7 52. Ke3 Kg7 53. Ra8 Bb3 54.
Kd4 Kf6 55. Ra7 Rc8 56. Be7+ Kf7 57. Ke5 Bc2 58. Kd6 f4 59. c6 Re8 60. Bg5+ Kg8
61. Re7 Rd8+ 62. Rd7 1-0

[Event "TCh-FRA Top 12 2019"]
[Site "Brest FRA"]
[Date "2019.05.22"]
[Round "5.4"]
[Board "7"]
[White "Terrieux, Kevin"]
[Black "Le Roux, Jean-Pierre"]
[Result "1/2-1/2"]
[WhiteTitle "IM"]
[BlackTitle "GM"]
[WhiteElo "2455"]
[BlackElo "2539"]
[WhiteTeam "Club d'Echecs Metz Fischer"]
[BlackTeam "Bischwiller"]
[WhiteFideId "622591"]
[BlackFideId "609404"]
[EventDate "2019.05.18"]

1. e4 c6 2. d4 d5 3. Nc3 dxe4 4. Nxe4 Bf5 5. Ng3 Bg6 6. Nf3 Nd7 7. h4 h6 8. h5
Bh7 9. Bd3 Bxd3 10. Qxd3 e6 11. Bd2 Ngf6 12. O-O-O Be7 13. Kb1 Qb6 1/2-1/2

[Event "TCh-FRA Top 12 2019"]
[Site "Brest FRA"]
[Date "2019.05.22"]
[Round "5.4"]
[Board "8"]
[White "Sebag, Marie"]
[Black "Monpeurt, Cyrielle"]
[Result "1-0"]
[WhiteTitle "GM"]
[BlackTitle "WFM"]
[WhiteElo "2476"]
[BlackElo "2166"]
[WhiteTeam "Bischwiller"]
[BlackTeam "Club d'Echecs Metz Fischer"]
[WhiteFideId "617822"]
[BlackFideId "677400"]
[EventDate "2019.05.18"]

1. e4 e5 2. Nf3 Nc6 3. Bb5 a6 4. Ba4 Nf6 5. O-O Be7 6. Re1 b5 7. Bb3 O-O 8. a4
b4 9. d4 d6 10. dxe5 dxe5 11. Nbd2 Bc5 12. h3 h6 13. Qe2 Qe7 14. Nc4 Rd8 15. c3
a5 16. Nfd2 Be6 17. Bc2 Nd7 18. Ne3 Nf8 19. Nb3 Ba7 20. Qf3 f6 21. Nf5 Qe8 22.
Nd2 Ne7 23. Nf1 Nxf5 24. exf5 Bd5 25. Qg4 Kh8 26. Ne3 Bb7 27. Be4 Bxe4 28. Qxe4
Bc5 29. Nc4 bxc3 30. bxc3 Nd7 31. Qc6 Qf7 32. Re4 Ba7 33. Be3 Bxe3 34. Rxe3 Nb6
35. Nxb6 cxb6 36. Qxb6 Qd7 37. Qb1 Rab8 38. Qc2 Rb6 39. Re2 Rd6 40. Rae1 Qc6 41.
Qb3 Qc8 42. Qc2 Rd3 43. Re3 Qxf5 44. Rxd3 Qxd3 45. Qxd3 Rxd3 46. Rc1 Kg8 47. c4
Kf7 48. c5 Ke7 49. c6 Kd8 50. Rc5 Kc7 51. Rxa5 Kxc6 52. Ra7 Rd1+ 53. Kh2 Ra1 54.
Rxg7 Rxa4 55. Rh7 Kd5 56. Rxh6 Ke6 57. g4 Kf7 58. Rh7+ Kg6 59. Re7 Ra2 60. Kg3
Ra3+ 61. f3 Ra6 62. h4 Rb6 63. h5+ Kh6 64. Rf7 Ra6 65. Kh4 Ra1 66. Rxf6+ Kg7 67.
Kg5 Ra5 68. Rf5 1-0

[Event "TCh-FRA Top 12 2019"]
[Site "Brest FRA"]
[Date "2019.05.22"]
[Round "5.5"]
[Board "3"]
[White "Oleksiyenko, Mykhaylo"]
[Black "Oparin, Grigoriy"]
[Result "0-1"]
[WhiteTitle "GM"]
[BlackTitle "GM"]
[WhiteElo "2595"]
[BlackElo "2624"]
[WhiteTeam "Grasse Echecs"]
[BlackTeam "Asnieres - Le Grand Echiquier"]
[WhiteFideId "4152417"]
[BlackFideId "24125890"]
[EventDate "2019.05.18"]

1. e4 e5 2. Nf3 Nc6 3. Bb5 a6 4. Ba4 Nf6 5. O-O Be7 6. Re1 b5 7. Bb3 d6 8. c3
O-O 9. h3 Bb7 10. d4 Re8 11. Nbd2 Bf8 12. a3 h6 13. Bc2 Nb8 14. b3 Nbd7 15. Bb2
g6 16. Bd3 c6 17. Qc2 Rc8 18. a4 Qc7 19. c4 bxc4 20. Nxc4 exd4 21. Bxd4 d5 22.
exd5 Rxe1+ 23. Rxe1 cxd5 24. Ne3 Qxc2 25. Nxc2 Nc5 26. Bxc5 Rxc5 27. b4 Rc3 28.
Rd1 Bc6 29. b5 axb5 30. axb5 Bxb5 31. Bxb5 Rxc2 32. Ba4 Rb2 33. Rd2 Rb4 34. Bc6
Rb1+ 35. Kh2 Bb4 36. Rd3 Rf1 37. Bxd5 Bd6+ 38. g3 Rxf2+ 39. Kg1 Bc5 0-1

[Event "TCh-FRA Top 12 2019"]
[Site "Brest FRA"]
[Date "2019.05.22"]
[Round "5.5"]
[Board "4"]
[White "Cornette, Matthieu"]
[Black "Barbot, Pierre1"]
[Result "1-0"]
[WhiteTitle "GM"]
[BlackTitle "IM"]
[WhiteElo "2553"]
[BlackElo "2439"]
[WhiteTeam "Asnieres - Le Grand Echiquier"]
[BlackTeam "Grasse Echecs"]
[WhiteFideId "620084"]
[BlackFideId "663727"]
[EventDate "2019.05.18"]

1. e4 e5 2. Nf3 Nc6 3. d4 exd4 4. Nxd4 Qf6 5. Nf3 Bb4+ 6. c3 Bc5 7. Be2 d6 8.
O-O Nge7 9. Bg5 Qg6 10. b4 Bb6 11. Bh4 Ne5 12. c4 Nxf3+ 13. Bxf3 Qe6 14. e5 Nf5
15. exd6 Nxh4 16. Re1 Nxf3+ 17. gxf3 cxd6 18. Nc3 O-O 19. Rxe6 Bxe6 20. Nd5 Bd8
21. Rc1 Rc8 22. Qd4 b5 23. c5 Bg5 24. f4 dxc5 25. Rxc5 Rxc5 26. bxc5 Rd8 27.
fxg5 Rxd5 28. Qe3 Kf8 29. h4 Ke7 30. Qa3 a5 31. Qxa5 Rxc5 32. a4 Rc1+ 33. Kh2
bxa4 34. Qb4+ Ke8 35. Qxa4+ Bd7 36. Qd4 Re1 37. Qxg7 Re2 38. Qh8+ Ke7 39. Kg3
Re4 40. Qxh7 Rg4+ 41. Kf3 Be6 42. Qh8 Rc4 43. h5 Rc5 44. Qf6+ Ke8 45. Kg3 Rf5
46. Qh8+ Ke7 47. f4 1-0

[Event "TCh-FRA Top 12 2019"]
[Site "Brest FRA"]
[Date "2019.05.22"]
[Round "5.5"]
[Board "5"]
[White "Apicella, Manuel"]
[Black "Gozzoli, Yannick"]
[Result "1/2-1/2"]
[WhiteTitle "GM"]
[BlackTitle "GM"]
[WhiteElo "2502"]
[BlackElo "2622"]
[WhiteTeam "Grasse Echecs"]
[BlackTeam "Asnieres - Le Grand Echiquier"]
[WhiteFideId "600164"]
[BlackFideId "616915"]
[EventDate "2019.05.18"]

1. e4 e5 2. Nf3 Nc6 3. Bb5 a6 4. Ba4 Nf6 5. O-O Be7 6. Re1 b5 7. Bb3 O-O 8. d4
Nxd4 9. Nxd4 exd4 10. e5 Ne8 11. Qxd4 c5 12. Qe4 Nc7 13. c4 bxc4 14. Bc2 g6 15.
Bh6 Re8 16. Nd2 Rb8 17. Nxc4 Bb7 18. Qg4 Nb5 19. Rad1 Nd4 20. Ba4 Bd5 21. b3 Be6
22. Qe4 Rb4 23. Rc1 Bxc4 24. Rxc4 Rxc4 25. bxc4 Bg5 26. Bxg5 Qxg5 27. f4 Qe7 28.
Qd5 Rb8 29. Qd6 Qxd6 30. exd6 Rb6 31. Re5 Rxd6 32. Rxc5 Ne2+ 33. Kf2 Nc3 34.
Rc8+ Kg7 35. Bb3 Nxa2 36. Ke3 Nb4 37. Ba4 a5 38. Ra8 Rd3+ 39. Ke2 Rd4 40. Rxa5
Rxc4 41. Bxd7 Rxf4 42. Ke3 Rc4 43. Ra7 Nd5+ 44. Kf3 Rf4+ 45. Kg3 Rf6 46. h3 Ne3
47. Bb5 h5 48. Bd3 h4+ 49. Kxh4 Nxg2+ 50. Kg3 Nf4 51. Bc4 Nh5+ 52. Kg2 Rf5 53.
h4 Rf6 54. Rb7 Rf4 55. Bb3 Rf6 56. Bc4 Nf4+ 57. Kg3 Ne6 58. Bxe6 Rxe6 59. Kg4
Re4+ 60. Kg3 Kf6 61. Ra7 Re7 62. Ra5 Re5 63. Ra7 Rf5 64. Ra6+ Kg7 65. Ra7 Kh6
66. Rb7 Kg7 67. Ra7 Re5 68. Rb7 Kf6 69. Ra7 Ke6 70. Kg4 Rd5 71. Ra6+ Rd6 72. Ra1
f6 73. Re1+ Kf7 74. Ra1 Rd4+ 75. Kg3 Kg7 76. Ra8 f5 77. Rb8 Rd3+ 78. Kg2 Re3 79.
Ra8 1/2-1/2